| 000 | 00550nam a2200181Ia 4500 | ||
|---|---|---|---|
| 008 | 090123s9999 xx 000 0 und d | ||
| 082 | _b40522 | ||
| 100 | _aअत्रे आचार्य | ||
| 245 | _aविनोदगाथा | ||
| 250 | _a5 | ||
| 260 |
_bपरचुरे प्रकाश मंदिर _c2005 |
||
| 300 | _a241 | ||
| 600 | _aअत्रे आचार्य | ||
| 630 | _aविनोदगाथा | ||
| 700 | _aअत्रे आचार्य | ||
| 730 | _aविनोदगाथा | ||
| 942 | _cBOOK | ||
| 999 |
_c78596 _d78596 |
||